00932nam a2200265 i 450000100060000000300090000600500170001500700030003200800390003502000180007408000490009210000440014124500880018525000120027326000370028530000220032249000220034450000140036650400320038060000630041283000300047585200220050599900170052795201220054411022ES-MaACL20250511130021.0t|930506s1993 sp |||| | spa a84-7658-379-6 a821.134.2 Rojas, Fernando de 7 Celestina. 071 aMárquez Villanueva, Francisco.97703910aOrígenes y sociología del tema celestinesco / cFrancisco Márquez Villanueva. a1ª ed. aBarcelona : bAnthropos, c1993. a232 p. ; c20 cm.1 aHispanistas ; v2 aÍndice. aBibliografía: p. 193-220.14aRojas, Fernando de, dca. 1470-1541. tLa Celestina9990431 aHispanistas ; v29184142 aES-MaACLjL-18325 c11022d11022 00104070aATENEOMbATENEOMcDEPO2d2008-01-17eSCl0oL-18325p1011240r2023-02-23 00:00:00w2023-02-23yMONOGRAFIA